|
|
|
|
| LEADER |
00000cam a2200000 4500 |
| 001 |
vtls012128968 |
| 003 |
SK-MaSNL |
| 005 |
20260425224423.0 |
| 008 |
220329s2022 xo oc gr 000 0dslo |
| 015 |
|
|
|a SNBA2022/06
|
| 020 |
|
|
|a 9788055907697
|q (brožované)
|
| 040 |
|
|
|a SNK
|b slo
|c SNK
|e rda
|
| 041 |
0 |
|
|a slo
|
| 043 |
|
|
|a e-xo---
|
| 044 |
|
|
|a xo
|c SK
|
| 072 |
|
7 |
|a 796
|x Šport. Hry. Telesné cvičenia
|2 konspekt
|
| 080 |
|
|
|a 796.071.2
|2 2011
|
| 080 |
|
|
|a (437.6)
|2 2011
|
| 080 |
|
|
|a (047.53)
|2 2011
|
| 080 |
|
|
|a 929-058.1
|2 2011
|
| 100 |
1 |
|
|a Jeleník, Jaroslav
|4 aut
|9 368864
|
| 245 |
1 |
0 |
|a Vykroč ako legenda
|b 10 inšpiratívnych rozhovorov s osobnosťami športu
|c Jaroslav Jeleník, Michal Kolek
|
| 246 |
3 |
0 |
|a Desať inšpiratívnych rozhovorov s osobnosťami športu
|
| 250 |
|
|
|a Prvé vydanie
|
| 264 |
|
1 |
|a Bratislava
|b Petit Press, a.s.
|c 2022
|
| 300 |
|
|
|a 175 strán
|b fotografie
|c 20 cm
|
| 336 |
|
|
|a text
|b txt
|2 rdacontent
|
| 337 |
|
|
|a bez média
|b n
|2 rdamedia
|
| 338 |
|
|
|a zväzok
|b nc
|2 rdacarrier
|
| 490 |
1 |
|
|a Knižná edícia autorov denníka SME
|
| 650 |
0 |
7 |
|a športovci
|2 SNKPH
|9 1043
|
| 650 |
0 |
7 |
|a osobnosti
|2 SNKPH
|9 29820
|
| 650 |
0 |
7 |
|a Sportsmen
|2 SNKPHeng
|9 315475
|
| 650 |
0 |
7 |
|a Celebrities
|2 SNKPHeng
|9 265203
|
| 651 |
|
7 |
|a Slovensko
|2 SNKPHgeo
|9 14231
|
| 651 |
|
7 |
|a Slovakia
|2 SNKPHeng
|9 92630
|
| 655 |
|
7 |
|a rozhovory
|2 SNKPH
|9 31831
|
| 655 |
|
7 |
|a Interviews
|2 SNKPHeng
|9 266520
|
| 700 |
1 |
|
|a Kolek, Michal
|4 aut
|9 368865
|
| 830 |
|
0 |
|a Knižná edícia autorov denníka SME
|9 340013
|
| 919 |
|
|
|a 978-80-559-0769-7
|
| 954 |
|
|
|a iná literatúra (príručky, kuchárske knihy, hobby literatúra, sprievodcovia) pôvodná (slovenská)
|2 lita
|
| 958 |
|
|
|a SK
|
| 999 |
|
|
|c 613209
|d 615139
|
| 952 |
|
|
|a SNK
|b SNK
|y PREZ
|7 0
|p 17A1481198
|o snkSD 90600
|i snk2022/4916
|8 0
|0 0
|1 0
|4 0
|d 2022-03-29
|f 1
|l 0
|r 2026-02-23 16:29:41
|w 2026-02-23
|
| 952 |
|
|
|a SNK
|b SNK
|y VYP
|7 0
|p 17A1481199
|o snkSD 90600 D1
|i snk2022/4917
|8 0
|0 0
|1 0
|4 0
|d 2022-03-29
|l 0
|r 2026-02-23 16:29:41
|w 2026-02-23
|